00469nam a2200193 a 4500001001300000003000900013005001700022008004100039020000900080082001900089100002100108245001500129260003400144300000900178500003500187505001000222650002200232700002100254nice12345678IN_TiNIC20260116015219.0050524s1987 dela grp 000 0 eng  ac4500a297.1228bKHA1 aKhan, Wahiduddin aGod Arises aDelhibMaktaba Alhasnatc1987 a271p aincludes index and biblioraphy2 aIndex aQuran and Science1 aKhan, Wahiduddin